000 01005nam a2200313 i 4500
003 EG-GICUC
005 20260415231755.0
008 260406s1989 Fr |||fr|||| 00| 0 fre d
020 _a2254870412
040 _aEG-GiCUC
_bfre
_cEG-GiCUC
_dEG-GiCUC
_eRda
082 0 4 _221
_a343.3
_bPR . D
092 0 4 _221
099 _aLaw1 10 343.3 PR . D 1989
100 1 _aPradel, Jean
_eAuteur
245 1 0 _aDroit Pénal.
_nTome Ii,
_pProcédure pénale /
_cJean Pradel
250 _a5º Édition
264 1 _aParis :
_bRevue Et Augmentée,
_c1989.
300 _a755 page ;
_c 24 cm.
_billustration ;
336 _2rda contenu
_a texte
337 _2rda medias
_aOrdinateur
338 _2 transporteur rda
_a Ressource en ligne
504 _aBibliography: pages 200-250. 240-220
650 1 _aDroit de Procédure Pénale
_2qrmak
650 1 _aDroit De Panél
_2qrmak
651 1 _2qrmak
856 4 0 _uhttps://fll.law.cu.edu.eg/fulltext/bks/B10-08992.pdf
905 _a54
_eYara
942 _2ddc
_cBK
_e21
_n0
999 _c69284
_d69284